Fórmulas de tratamiento en el español de Colombia

Salvato in:
Dettagli Bibliografici
Autore principale: Varela Cano, Diana Patricia, 1964-
Natura: Capitolo di libro
Lingua:spagnolo
Tags: Aggiungi Tag
Nessun Tag, puoi essere il primo ad aggiungerne!!

MARC

LEADER 00000nla a2200000 4500
001 0227049
005 20240502083609.0
041 0 |a spa 
044 |a ES 
245 1 0 |a Fórmulas de tratamiento en el español de Colombia  |c Diana Patricia Varela Cano 
100 1 |a Varela Cano, Diana Patricia, 1964-